| 000 | 00746nam a2200277Ia 4500 | ||
|---|---|---|---|
| 005 | 20260320195830.0 | ||
| 008 | 008 262003s9999 xx 000 0 hin d | ||
| 020 | _a9789392757600 | ||
| 037 | _aEBOOK | ||
| 040 | _aCRL | ||
| 040 | _bhin | ||
| 040 | _cCRL | ||
| 041 | _2hin | ||
| 041 | _ahin | ||
| 084 | _qCRL | ||
| 100 |
_aडॉ. अमरनाथ _91133257 |
||
| 245 | 0 | _aहिन्दी आलोचना का आलोचनात्मक इतिहास | |
| 250 | _a1st | ||
| 260 | _bRajkamal | ||
| 260 | _c2022 | ||
| 300 | _a472 | ||
| 856 | _uhttps://ebook.indiaread.in/pdfs/Hindi_Alochana_Ka_Alochanatmak_Itihas_By_Amarnath_Sharma.pdf | ||
| 942 | _cEBOOK | ||
| 999 |
_c1716746 _d1716746 |
||